00526nam a2200181 a 45000010005000000030009000050080041000140400028000550820015000831000032000982450040001302600070001703000010002406500025002506500015002756500035002906500019003259578CO-ViMGA141112s2004 ck r 000 u spa d aCO-ViMGAbspacCO-ViMGA04a321.8 S3311 aSantana Rodriguez ; Pedro, 10aLas Incertidumbres de la Democracia aSantafé de BogotáEdiciones Fono Nacional por Colombia, c1995 a479p.14aCULTURA Y DEMOCRACIA14aDEMOCRACIA14aMODERNIDAD, ESTADO, DEMOCRACIA14aSOCIEDAD CIVIL